000 00382pam a2200157a 44500
008 230515b2004 xxu||||| |||| 00| 0 eng d
020 _a8123909535
041 _aENGLISH
082 _a660.28/HOU
100 _aHOUGEN,O.A.
245 _aCHEMICAL PROCESS PRINCIPLES PART-I
250 _a2ND
260 _aNEW DELHI
_bC B S PUBLICATION
_c2004
300 _a504+39
650 _aNULL
999 _c610858
_d610858